000 00508nam a2200181Ia 4500
001 18398
005 20260306171627.0
008 260306s9999||||xx |||||||||||||| ||und||
041 _aESP
082 _a658.4038011
_bA166
100 _aApplegate, Lynda M.
_eAUT
245 0 _aEstrategia y gestión de la información corporativa:
_blos retos de gestión en una economía en red
260 _c2004
300 _axv, 317 páginas :
_c24 cm.
650 _aGEN
654 _aCAN
942 _cLIB
_dJUS
_fJUS
_2ddc
_n
999 _c18398
_d18398